000 00408nam a22001577a 4500
003 OSt
005 20251124155130.0
008 251124b |||||||| |||| 00| 0 eng d
020 _a978-0-06-229437-1
040 _cCL
100 _aAlbom, M
245 _aThe first phone call from heaven :
_ba novel /
260 _aNew York :
_bASOP Inc.,
_c c2013.
300 _a326 pages ;
_c21 cm.
942 _2ddc
_cFIC.
_n0
999 _c6121
_d6121